[Event "DVM U14w 2011"]
[Site "Arendsee (Altmark) GER"]
[Date "2011.12.28"]
[Round "3"]
[White "Kluge, Leyla"]
[Black "Hartewig, Anja"]
[Result "1/2-1/2"]
[Termination "normal"]
[Board "1.3"]
[WhiteElo "1565"]
[BlackElo "1607"]
[WhiteTeam "USG Chemnitz"]
[BlackTeam "Chemnitzer SC Aufbau '95"]
[WhiteFideId "12918172"]
[BlackFideId "12917966"]
[EventCountry "GER"]
[EventRounds "7"]
[EventType "team-swiss"]
[EventDate "2011.12.26"]

1. c4 Nf6 2. Nc3 c6 3. d4 d5 4. e3 Bf5 5. Nf3 e6 6. Qb3 Qc7 7. h3 Nbd7 8. Qd1
Bb4 9. Bd2 O-O 10. a3 Be7 11. b4 Ne4 12. cxd5 exd5 13. Be2 Ndf6 14. Nxe4 Nxe4
15. g4 Bg6 16. Bf1 Rae8 17. Qe2 f5 18. Bg2 f4 19. O-O Bd6 20. Rac1 a5 21. bxa5
Bxa3 22. Ra1 Bb2 23. Ra2 fxe3 24. Bxe3 Bxd4 25. Nxd4 Nc3 26. Qd2 Nxa2 27. Qxa2
Be4 28. Bxe4 Rxe4 29. Kg2 Qf7 30. Nf5 h5 31. f3 Re6 32. Qf2 1/2-1/2

[Event "DVM U14w 2011"]
[Site "Arendsee (Altmark) GER"]
[Date "2011.12.28"]
[Round "3"]
[White "Nitzsche, Pia"]
[Black "Jentzsch, Juliane"]
[Result "1-0"]
[Termination "normal"]
[Board "1.4"]
[WhiteElo "1543"]
[BlackElo "1227"]
[WhiteTeam "Chemnitzer SC Aufbau '95"]
[BlackTeam "USG Chemnitz"]
[WhiteFideId "12900370"]
[EventCountry "GER"]
[EventRounds "7"]
[EventType "team-swiss"]
[EventDate "2011.12.26"]

1. c4 c5 2. Nc3 Nc6 3. g3 g6 4. Bg2 Bg7 5. Nf3 e6 6. e4 Nf6 7. d3 d5 8. cxd5
exd5 9. O-O d4 10. Nb5 O-O 11. Bf4 a6 12. Na3 Re8 13. Rc1 b6 14. Qd2 Be6 15. b3
Qd7 16. Nc4 Ng4 17. Nxb6 Qb7 18. Nxa8 Qxa8 19. Rxc5 Bd7 20. Rcc1 a5 21. a3 Qb7
22. Qa2 Be6 23. Rb1 a4 24. bxa4 Qa6 25. Qc2 Ra8 26. Rfc1 Bd7 27. h3 Nf6 28. Qc4
Qxa4 29. Qxa4 Rxa4 30. e5 Nd5 31. Bd2 Rxa3 32. Nxd4 Nxd4 33. Rb8+ Bf8 34. Bh6
Ne6 35. Bxd5 Ra6 36. Bxe6 fxe6 37. Rxf8# 1-0

[Event "DVM U14w 2011"]
[Site "Arendsee (Altmark) GER"]
[Date "2011.12.28"]
[Round "3"]
[White "Manusina, Nicole"]
[Black "Siegl, Melina"]
[Result "1-0"]
[Termination "normal"]
[Board "2.1"]
[WhiteElo "1752"]
[BlackElo "1771"]
[WhiteTeam "SG Oesede-Georgsmarienhütte"]
[BlackTeam "SC 1923 Bechhofen"]
[WhiteFideId "24657514"]
[BlackFideId "1272126"]
[EventCountry "GER"]
[EventRounds "7"]
[EventType "team-swiss"]
[EventDate "2011.12.26"]

1. d4 f5 2. g3 g6 3. Bg2 Bg7 4. c4 d6 5. Nf3 Nf6 6. Nc3 O-O 7. O-O c6 8. Re1
Nh5 9. e4 fxe4 10. Nxe4 Bg4 11. d5 h6 12. h3 Bd7 13. Nh4 Kh7 14. Qc2 Be8 15.
Be3 Na6 16. a3 cxd5 17. cxd5 Qa5 18. Qb3 b6 19. Bd2 Qa4 20. Qxa4 Bxa4 21. Nc3
Bxc3 22. Bxc3 Rf7 23. Be4 Rg8 24. b4 Nc7 25. Re2 Nf6 26. Bxf6 Rxf6 27. Rc1 Nb5
28. Bd3 Rf7 29. Rce1 Rgg7 30. Re6 Nd4 31. Rxg6 Bc2 32. Rxg7+ Kxg7 33. Bxc2 Nxc2
34. Re6 Nd4 35. Re3 Kf6 36. Re4 Nf5 37. Ng2 Rg7 38. g4 b5 39. Re6+ Kf7 40. gxf5
Rg5 41. Rxh6 Rxf5 42. Ne3 1-0

[Event "DVM U14w 2011"]
[Site "Arendsee (Altmark) GER"]
[Date "2011.12.28"]
[Round "3"]
[White "Alsheimer, Lea"]
[Black "Böhm, Jana"]
[Result "0-1"]
[Termination "normal"]
[Board "2.2"]
[WhiteElo "1287"]
[BlackElo "1723"]
[WhiteTeam "SC 1923 Bechhofen"]
[BlackTeam "SG Oesede-Georgsmarienhütte"]
[WhiteFideId "12918180"]
[BlackFideId "24661589"]
[EventCountry "GER"]
[EventRounds "7"]
[EventType "team-swiss"]
[EventDate "2011.12.26"]

1. d4 Nf6 2. Nf3 g6 3. Nc3 d5 4. Bf4 Bg7 5. e3 b6 6. Be2 O-O 7. Ne5 Bb7 8. h4
c5 9. h5 Nc6 10. hxg6 hxg6 11. Bh6 Bxh6 12. Rxh6 Kg7 13. Rh1 Rh8 14. Rg1 a6 15.
g4 Qd6 16. f4 Rh3 17. Qd2 Ne4 18. Nxe4 dxe4 19. Nxc6 Bxc6 20. Qc3 cxd4 21.
Qxd4+ Qxd4 22. exd4 e3 23. O-O-O Be4 24. Rge1 Rh2 25. c3 b5 26. a3 a5 27. d5 b4
28. a4 bxc3 29. b3 Rb8 30. Rd4 Rb4 31. Rxb4 axb4 32. a5 Bxd5 33. Bd1 Ra2 34.
Rxe3 e6 35. f5 Rxa5 36. fxe6 fxe6 37. g5 Ra2 38. Rd3 Be4 0-1

[Event "DVM U14w 2011"]
[Site "Arendsee (Altmark) GER"]
[Date "2011.12.28"]
[Round "3"]
[White "Hinzke, Anna-Lena"]
[Black "Böse, Christina"]
[Result "1-0"]
[Termination "normal"]
[Board "2.3"]
[WhiteElo "1376"]
[BlackElo "1112"]
[WhiteTeam "SG Oesede-Georgsmarienhütte"]
[BlackTeam "SC 1923 Bechhofen"]
[WhiteFideId "12928704"]
[BlackFideId "12929654"]
[EventCountry "GER"]
[EventRounds "7"]
[EventType "team-swiss"]
[EventDate "2011.12.26"]

1. d4 e5 2. dxe5 Nc6 3. Nf3 Qe7 4. Bg5 Qb4+ 5. Bd2 Qxb2 6. Bc3 Bb4 7. Qd2 Bxc3
8. Nxc3 Qxa1+ 9. Nd1 Qb1 10. a3 b5 11. e3 b4 12. a4 Rb8 13. Bc4 Qa1 14. Qd5 Nh6
15. O-O O-O 16. Qe4 Re8 17. Ng5 g6 18. Qh4 Kf8 19. Qxh6+ Ke7 20. Qxh7 Nxe5 21.
Nxf7 Nxc4 22. Ne5+ Kd6 23. Nxc4+ Kc6 24. Ndb2 Qa2 25. Qxg6+ Re6 26. Qd3 Ba6 27.
e4 Kb7 28. Qd5+ Kc8 29. Nd6+ 1-0

[Event "DVM U14w 2011"]
[Site "Arendsee (Altmark) GER"]
[Date "2011.12.28"]
[Round "3"]
[White "Böse, Carolin"]
[Black "Wang, Yanru"]
[Result "0-1"]
[Termination "normal"]
[Board "2.4"]
[WhiteElo "969"]
[BlackElo "1246"]
[WhiteTeam "SC 1923 Bechhofen"]
[BlackTeam "SG Oesede-Georgsmarienhütte"]
[WhiteFideId "12929646"]
[BlackFideId "12929328"]
[EventCountry "GER"]
[EventRounds "7"]
[EventType "team-swiss"]
[EventDate "2011.12.26"]

1. e4 e5 2. Bc4 Bc5 3. Nf3 Nc6 4. O-O Nf6 5. h3 O-O 6. Bb3 h6 7. Nc3 d6 8. d3
Be6 9. Bd5 Rb8 10. Re1 Ne7 11. Bxe6 fxe6 12. d4 exd4 13. Nxd4 Qd7 14. Nb3 Bb6
15. Qd3 Nh7 16. Be3 Rf7 17. f3 Ng6 18. Bxb6 axb6 19. Rf1 Nf4 20. Qe3 Qe7 21.
Qf2 Qg5 22. Kh1 Nf6 23. h4 Qg6 24. g4 Rbf8 25. Ne2 Nxg4 26. fxg4 Qxe4+ 27. Kh2
Nxe2 28. Qg2 Qe5+ 29. Kh1 Ng3+ 30. Kg1 Rxf1+ 0-1

[Event "DVM U14w 2011"]
[Site "Arendsee (Altmark) GER"]
[Date "2011.12.28"]
[Round "3"]
[White "Mehling, Katharina"]
[Black "Heinemann, Josefine"]
[Result "1/2-1/2"]
[Termination "normal"]
[Board "3.1"]
[WhiteElo "1663"]
[BlackElo "1800"]
[WhiteTeam "SpVgg Stetten"]
[BlackTeam "USC Magdeburg"]
[WhiteFideId "12900362"]
[BlackFideId "12900460"]
[EventCountry "GER"]
[EventRounds "7"]
[EventType "team-swiss"]
[EventDate "2011.12.26"]

1. d4 Nf6 2. Nc3 d5 3. Bg5 Ne4 4. Nxe4 dxe4 5. c4 g6 6. e3 Bg7 7. Ne2 c5 8. Qd2
O-O 9. Rd1 h6 10. Bh4 g5 11. Bg3 Bg4 12. d5 Na6 13. a3 Qb6 14. Rb1 Rfd8 15. h3
Bxe2 16. Bxe2 e6 17. O-O Nc7 18. Qc2 exd5 19. cxd5 Rxd5 20. Qxe4 Rad8 21. Bxc7
Qxc7 22. Bc4 R5d7 23. b3 Qe5 24. Qxe5 Bxe5 25. a4 Bc3 26. Rbc1 Bd2 27. Rc2 Ba5
28. Rcc1 Bc7 29. Bb5 Rd5 30. Bc4 Rd2 31. Rb1 b6 32. Rbc1 Kg7 33. Rce1 Rb2
1/2-1/2

[Event "DVM U14w 2011"]
[Site "Arendsee (Altmark) GER"]
[Date "2011.12.28"]
[Round "3"]
[White "Peschos, Celine"]
[Black "Bosse, Lea"]
[Result "0-1"]
[Termination "normal"]
[Board "3.2"]
[WhiteElo "1442"]
[BlackElo "1631"]
[WhiteTeam "USC Magdeburg"]
[BlackTeam "SpVgg Stetten"]
[BlackFideId "12900419"]
[EventCountry "GER"]
[EventRounds "7"]
[EventType "team-swiss"]
[EventDate "2011.12.26"]

1. e4 e6 2. d4 d5 3. e5 c5 4. c3 Nc6 5. Nf3 Qb6 6. Be2 Nh6 7. Na3 Nf5 8. Nc2
cxd4 9. cxd4 Bb4+ 10. Nxb4 Qxb4+ 11. Bd2 Qxb2 12. O-O Nfxd4 13. Nxd4 Qxd4 14.
Re1 O-O 15. Qc2 f6 16. exf6 Qxf6 17. f3 e5 18. Rad1 Be6 19. Qb2 Rf7 20. Bb5 d4
21. Bc1 Bd5 22. Rd2 Rd8 23. a3 a6 24. Ba4 b5 25. Bb3 Qg6 26. Bxd5 Rxd5 27. Qc2
Qxc2 28. Rxc2 Rf6 29. Bg5 Rfd6 30. Rec1 Na5 31. Re1 Nc4 32. a4 Kf7 33. h4 d3
34. Rc3 d2 35. Rd1 Nb2 0-1

[Event "DVM U14w 2011"]
[Site "Arendsee (Altmark) GER"]
[Date "2011.12.28"]
[Round "3"]
[White "Schneider, Jana"]
[Black "Zander, Carolin"]
[Result "1-0"]
[Termination "normal"]
[Board "3.3"]
[WhiteElo "1423"]
[BlackElo "909"]
[WhiteTeam "SpVgg Stetten"]
[BlackTeam "USC Magdeburg"]
[WhiteFideId "12924997"]
[EventCountry "GER"]
[EventRounds "7"]
[EventType "team-swiss"]
[EventDate "2011.12.26"]

1. e4 e5 2. Nf3 Nc6 3. d4 exd4 4. Nxd4 Nf6 5. Nxc6 bxc6 6. e5 Nd5 7. c4 Ne7 8.
Bg5 f6 9. exf6 gxf6 10. Bxf6 Rg8 11. Qh5+ Rg6 12. Bd3 Kf7 13. Bxg6+ hxg6 14.
Qf3 d5 15. Nc3 Qd6 16. Be5+ Nf5 17. Bxd6 Bxd6 18. O-O Kg7 19. cxd5 cxd5 20.
Qxd5 Rb8 21. Nb5 Bd7 22. Nxc7 Rb7 23. Ne6+ Kf6 24. Qxb7 Kxe6 25. Rfe1+ Be5 26.
Rad1 Be8 27. Qd5+ Ke7 28. Qd8+ Kf7 29. Rxe5 Ng7 30. Rd7+ Kf8 31. Qf6+ Kg8 32.
Qxg7# 1-0

[Event "DVM U14w 2011"]
[Site "Arendsee (Altmark) GER"]
[Date "2011.12.28"]
[Round "3"]
[White "Diederichs, Luise"]
[Black "Titgemeyer, Eva Maria"]
[Result "1/2-1/2"]
[Termination "normal"]
[Board "4.1"]
[WhiteElo "1753"]
[BlackElo "1519"]
[WhiteTeam "Tura Harksheide"]
[BlackTeam "SG Porz"]
[WhiteFideId "24661597"]
[BlackFideId "24655350"]
[EventCountry "GER"]
[EventRounds "7"]
[EventType "team-swiss"]
[EventDate "2011.12.26"]

1. c4 e5 2. Nc3 Nf6 3. g3 d5 4. cxd5 Nxd5 5. Bg2 Nb6 6. Nf3 Nc6 7. d3 Bd6 8. a3
a5 9. Be3 O-O 10. O-O Be6 11. Ng5 Bf5 12. Nge4 Be7 13. Bc5 Qd7 14. Rc1 Rae8 15.
Bxe7 Rxe7 16. Nc5 Qc8 17. Nb5 Nd8 18. Qd2 a4 19. Qb4 Rfe8 20. Nxa4 Nxa4 21.
Qxa4 Bd7 22. Qb4 Bxb5 23. Qxb5 c6 24. Qb6 Ne6 25. Bh3 Qd7 26. Rc4 Qd6 27. Bxe6
Qxe6 28. Rfc1 Qd5 29. Qc5 Qd7 30. Rb4 h6 31. Qa7 Rc8 32. Rcc4 Rc7 33. Qc5 f6
34. Rc3 Kh8 35. a4 Rc8 36. Re4 Rce8 37. b4 Re6 38. Rec4 Ra8 39. b5 Rc8 40. Qb4
Kg8 41. a5 Ree8 42. Qb3 Kh8 43. bxc6 bxc6 44. Qb6 Re6 45. Rc5 Rc7 46. a6 Rc8
47. Rb3 Re7 48. Qa5 Qa7 49. Rb6 Rec7 50. Rc1 Kg8 51. Rcb1 Kh7 52. e3 Ra8 53.
Rb7 Rxb7 54. Rxb7 Qxa6 55. Qc7 Rg8 56. Qd7 Qa1+ 57. Kg2 Qc3 58. Rc7 c5 59. Qf5+
Kh8 60. Qg6 Qa5 61. Rf7 Qa8+ 62. Kg1 1/2-1/2

[Event "DVM U14w 2011"]
[Site "Arendsee (Altmark) GER"]
[Date "2011.12.28"]
[Round "3"]
[White "Siegel, Aurelia"]
[Black "Schramm, Anna-Lena"]
[Result "1/2-1/2"]
[Termination "normal"]
[Board "4.2"]
[WhiteElo "1085"]
[BlackElo "1322"]
[WhiteTeam "SG Porz"]
[BlackTeam "Tura Harksheide"]
[WhiteFideId "12929581"]
[BlackFideId "12918237"]
[EventCountry "GER"]
[EventRounds "7"]
[EventType "team-swiss"]
[EventDate "2011.12.26"]

1. e4 e5 2. Nf3 Nc6 3. d4 exd4 4. Nxd4 Bb4+ 5. c3 Bc5 6. Be3 Bb6 7. Bc4 Nge7 8.
Nd2 d6 9. Qe2 Ne5 10. Bb3 Bg4 11. f3 Bh5 12. g4 Bg6 13. f4 Nd7 14. f5 Ne5 15.
fxg6 N7xg6 16. O-O-O Qd7 17. Nc4 Nxg4 18. Nxb6 axb6 19. Nf5 Nxe3 20. Qxe3 Rg8
21. Bd5 O-O-O 22. Bb3 Ne5 23. Rhg1 g6 24. Nd4 Rgf8 25. Qf4 Rde8 26. Nf3 Nxf3
27. Qxf3 Qe7 28. Rge1 Qe5 29. Bxf7 Re7 30. Qg4+ Kb8 31. Bc4 Qxh2 32. Re2 Qh6+
33. Kc2 Qg7 34. Rh1 h5 35. Qg5 Re5 36. Qh4 Qd7 37. Rg2 Qa4+ 38. Kd3 Rf3+ 39.
Ke2 Rf8 40. Kd3 Rf3+ 41. Ke2 Rf8 42. Kd3 1/2-1/2

[Event "DVM U14w 2011"]
[Site "Arendsee (Altmark) GER"]
[Date "2011.12.28"]
[Round "3"]
[White "Maier, Nicole"]
[Black "Harten, Janina"]
[Result "1-0"]
[Termination "normal"]
[Board "4.4"]
[WhiteElo "774"]
[BlackElo "847"]
[WhiteTeam "SG Porz"]
[BlackTeam "Tura Harksheide"]
[WhiteFideId "12964573"]
[EventCountry "GER"]
[EventRounds "7"]
[EventType "team-swiss"]
[EventDate "2011.12.26"]

1. e4 c6 2. d4 d5 3. e5 Bf5 4. g4 Bg6 5. h4 h6 6. h5 Bh7 7. Bd3 Bxd3 8. Qxd3 e6
9. Nc3 Bb4 10. Bd2 Be7 11. O-O-O Na6 12. a3 Rb8 13. Nce2 b5 14. b4 Bf8 15. Qc3
Ne7 16. f3 Qc7 17. Nf4 g5 18. Nfh3 Rg8 19. Rf1 Nc8 20. Ne2 Be7 21. Qd3 Rg7 22.
Rhg1 Nb6 23. f4 Qd8 24. f5 Nc7 25. f6 Bxf6 26. Rxf6 Nd7 27. Rf3 Nf8 28. Qe3 Nh7
29. Qf2 Rb7 30. Rf1 Na6 31. Rc3 Rc7 32. Kb2 Nb8 33. Kb3 Nd7 34. Rf3 Nb6 35. c3
Nc4 36. Bc1 Nb6 37. Nhf4 Nf8 38. Nd3 Qb8 39. Nc5 Qc8 40. Rf6 Rh7 41. Ng3 Re7
42. Be3 Qc7 43. Na6 Qb7 44. Nc5 Qc7 45. Qd2 Rg7 46. Rxh6 Qc8 47. Bxg5 Rc7 48.
Qf2 a6 49. Qf6 a5 50. Qxg7 a4+ 51. Kb2 Nc4+ 52. Ka2 Nb6 53. Rh8 Nbd7 54. Nxd7
Kxd7 55. Rxf7+ Ke8 56. Qxf8# 1-0

[Event "DVM U14w 2011"]
[Site "Arendsee (Altmark) GER"]
[Date "2011.12.28"]
[Round "3"]
[White "Höschen, Franziska"]
[Black "Winterberg, Johanna"]
[Result "1-0"]
[Termination "normal"]
[Board "5.1"]
[WhiteElo "1377"]
[BlackElo "1263"]
[WhiteTeam "SF Paderborn"]
[BlackTeam "SV Breitenworbis"]
[BlackFideId "12929344"]
[EventCountry "GER"]
[EventRounds "7"]
[EventType "team-swiss"]
[EventDate "2011.12.26"]

1. e4 c5 2. Nc3 Nc6 3. g3 Nf6 4. Bg2 e6 5. Nge2 d5 6. exd5 exd5 7. O-O Be7 8.
d4 c4 9. Nf4 Be6 10. Re1 Qd7 11. Nxe6 fxe6 12. Bh3 Nd8 13. Ne2 a5 14. f3 h6 15.
Nf4 Ra6 16. Bd2 a4 17. Re3 g5 18. Ng2 Qb5 19. Bc3 Bb4 20. Qe1 Bxc3 21. Qxc3 Kf7
22. b3 axb3 23. cxb3 h5 24. Ne1 g4 25. Bf1 Rc6 26. Rc1 gxf3 27. Rxf3 Qa6 28.
Qc2 b5 29. bxc4 bxc4 30. Rb1 Ke7 31. Qg6 Rf8 32. Qg7+ Nf7 33. Qxf6+ Ke8 34.
Rb8+ Rc8 35. Rxc8+ Qxc8 36. Bh3 c3 37. Qxe6+ Qxe6 38. Bxe6 Ke7 39. Bxf7 Rxf7
40. Rxf7+ Kxf7 41. Kf2 Ke6 42. Ke3 Kf5 43. h3 Ke6 44. Kd3 Kd6 45. Kxc3 Kc6 46.
g4 h4 47. g5 Kd7 48. a4 Ke6 49. a5 Kf5 50. a6 Kxg5 51. a7 Kf4 52. Ng2+ Kg3 53.
Nxh4 Kxh4 54. a8=Q Kxh3 55. Qg8 Kh4 56. Kd3 Kh3 57. Ke3 Kh4 58. Kf4 Kh3 59.
Qg3# 1-0

[Event "DVM U14w 2011"]
[Site "Arendsee (Altmark) GER"]
[Date "2011.12.28"]
[Round "3"]
[White "Richardt, Angelina"]
[Black "Bürger, Jessica"]
[Result "0-1"]
[Termination "normal"]
[Board "5.2"]
[WhiteElo "1154"]
[BlackElo "1270"]
[WhiteTeam "SV Breitenworbis"]
[BlackTeam "SF Paderborn"]
[WhiteFideId "12938149"]
[BlackFideId "12917974"]
[EventCountry "GER"]
[EventRounds "7"]
[EventType "team-swiss"]
[EventDate "2011.12.26"]

1. e4 e5 2. Nf3 Nc6 3. Bc4 Bc5 4. c3 Nf6 5. d3 d6 6. Bg5 h6 7. Bh4 g5 8. Bg3
Bg4 9. h3 Bh5 10. Nbd2 Qd7 11. b4 Bb6 12. a4 a6 13. b5 axb5 14. axb5 Rxa1 15.
Qxa1 Na5 16. Nh2 Qd8 17. O-O Bg6 18. Qa4 h5 19. Nhf3 Nd7 20. Nb3 Nxb3 21. Qxb3
Nc5 22. Qa2 h4 23. Bh2 f5 24. exf5 Bxf5 25. Ra1 g4 26. hxg4 Bxg4 27. Nd2 Kd7
28. Ne4 Nxe4 29. dxe4 Qg5 30. Kf1 Rf8 31. Bg1 h3 32. gxh3 Bxh3+ 33. Ke2 Qg4+
34. Kd2 Bxf2 35. Kc2 Bxg1 36. Kb3 Bb6 37. Rb1 Qxe4 38. Rd1 Rf2 39. Qa1 Qc2+ 40.
Kb4 Rf4 41. Rd5 Be6 42. Qd1 Qb2+ 43. Qb3 Bc5+ 44. Ka5 Qa1+ 45. Qa4 Qxc3+ 46.
Qb4 Qxb4# 0-1

[Event "DVM U14w 2011"]
[Site "Arendsee (Altmark) GER"]
[Date "2011.12.28"]
[Round "3"]
[White "Höschen, Annika"]
[Black "Hendus, Isabelle"]
[Result "0-1"]
[Termination "normal"]
[Board "5.3"]
[WhiteElo "1261"]
[BlackElo "1081"]
[WhiteTeam "SF Paderborn"]
[BlackTeam "SV Breitenworbis"]
[BlackFideId "12964530"]
[EventCountry "GER"]
[EventRounds "7"]
[EventType "team-swiss"]
[EventDate "2011.12.26"]

1. e4 e5 2. Nf3 d6 3. d4 exd4 4. Qxd4 Nf6 5. Bg5 Be7 6. Nc3 Nc6 7. Bb5 Bd7 8.
Bxc6 Bxc6 9. O-O-O O-O 10. Rhe1 h6 11. e5 hxg5 12. exf6 Bxf6 13. Qg4 Bxf3 14.
Qxf3 Bxc3 15. Qxc3 c6 16. Qg3 d5 17. Re5 f6 18. Re6 Re8 19. Rxe8+ Qxe8 20. Qd6
Qe5 21. Qxe5 fxe5 22. Re1 e4 23. Re3 Rf8 24. f3 exf3 25. Rxf3 Rxf3 26. gxf3 Kf7
27. Kd2 Kf6 28. Ke3 Kf5 29. h3 g6 30. a4 c5 31. c3 Ke5 32. b3 d4+ 33. cxd4+
cxd4+ 34. Kd3 Kf4 35. Kxd4 Kxf3 36. Ke5 g4 37. hxg4 Kxg4 38. Ke4 Kh4 39. Kf3 g5
40. Kg2 Kg4 41. b4 a6 42. b5 axb5 43. axb5 b6 44. Kh2 Kf3 45. Kh3 g4+ 46. Kh2
Ke4 47. Kg3 Kd5 48. Kxg4 Kc5 49. Kf3 Kxb5 50. Ke3 Kc4 51. Kd2 Kb3 52. Kc1 Ka2
53. Kc2 b5 54. Kc3 Ka3 55. Kc2 b4 56. Kc1 Ka2 57. Kc2 b3+ 58. Kd3 b2 59. Ke4
b1=Q+ 60. Ke5 Qb4 61. Kd5 Kb3 62. Ke5 Kc3 63. Kd5 Kd3 64. Ke5 Qa4 65. Kf5 Ke3
66. Ke5 Qa5+ 67. Ke6 Ke4 68. Kd6 Qb5 69. Ke6 Qb6+ 70. Ke7 Ke5 71. Kd7 Qb7+ 72.
Ke8 Ke6 73. Kf8 Qc7 74. Kg8 Kf6 75. Kh8 Kg6 76. Kg8 Qc8# 0-1

[Event "DVM U14w 2011"]
[Site "Arendsee (Altmark) GER"]
[Date "2011.12.28"]
[Round "3"]
[White "Diederich, Lena"]
[Black "Thölke, Nina"]
[Result "1-0"]
[Termination "normal"]
[Board "5.4"]
[WhiteElo "916"]
[BlackElo "1013"]
[WhiteTeam "SV Breitenworbis"]
[BlackTeam "SF Paderborn"]
[WhiteFideId "12964549"]
[EventCountry "GER"]
[EventRounds "7"]
[EventType "team-swiss"]
[EventDate "2011.12.26"]

1. e4 e5 2. Nf3 Nc6 3. Bc4 Bc5 4. c3 a6 5. b4 Bb6 6. d3 d6 7. Bg5 Nf6 8. O-O
Bg4 9. Nbd2 O-O 10. Re1 h6 11. Bh4 g5 12. Bg3 a5 13. b5 Nb8 14. Qc2 Bxf3 15.
Nxf3 g4 16. Nd2 Nh5 17. Nf1 Qg5 18. Qe2 Nf4 19. Bxf4 exf4 20. g3 f3 21. Qd2 Qh5
22. Ne3 Qh3 23. d4 c5 24. Bf1 Qh5 25. Nf5 Bd8 26. Qxh6 Qxh6 27. Nxh6+ Kh7 28.
Nxg4 cxd4 29. cxd4 Bb6 30. Rad1 Rg8 31. Nf6+ Kg7 32. Nxg8 Kxg8 33. Bc4 Nd7 34.
e5 Re8 35. exd6 Rxe1+ 36. Rxe1 Bxd4 37. Re7 Nf6 38. d7 b6 39. Rxf7 Ne4 40. Rf6+
Kg7 41. Rxb6 Nd2 42. d8=Q Nxc4 43. Qc7+ Kf8 44. Qxc4 Ke7 45. Qc7+ Ke8 46. Rb7
Kf8 47. Rb8# 1-0

[Event "DVM U14w 2011"]
[Site "Arendsee (Altmark) GER"]
[Date "2011.12.28"]
[Round "3"]
[White "Schneider, Sabrina"]
[Black "Ley, Sabrina"]
[Result "0-1"]
[Termination "normal"]
[Board "6.1"]
[WhiteElo "1128"]
[BlackElo "1324"]
[WhiteTeam "SK Turm Bad Hersfeld"]
[BlackTeam "Turm Lahnstein"]
[WhiteFideId "12951986"]
[BlackFideId "12938130"]
[EventCountry "GER"]
[EventRounds "7"]
[EventType "team-swiss"]
[EventDate "2011.12.26"]

1. e4 e6 2. d4 d5 3. exd5 exd5 4. Nc3 c6 5. Nf3 Bb4 6. Bd2 Nf6 7. Bd3 Bg4 8.
Qe2+ Be7 9. O-O O-O 10. h3 Bh5 11. Rae1 Re8 12. Qd1 Nbd7 13. Be2 Bg6 14. Bf4
Bb4 15. Ne5 Nxe5 16. Bxe5 Ne4 17. Bh5 Bxc3 18. bxc3 Nxc3 19. Qg4 f6 20. Bxg6
hxg6 21. Bg3 g5 22. a3 Re4 23. f4 Qe8 24. Qf3 Nb5 25. c3 Nxa3 26. fxg5 Qe6 27.
gxf6 Rf8 28. Rxe4 dxe4 29. Qe2 Rxf6 30. Re1 Nb5 31. Qxe4 Qxe4 32. Rxe4 Nxc3 33.
Re7 Rf7 34. Re8+ Kh7 35. Re3 Nb5 36. Rd3 Rd7 37. Be5 Rd5 38. Rg3 Rd7 39. Rd3
Rd5 40. Rg3 g6 41. Rf3 Kh6 42. Rf7 b6 43. Bb8 Rxd4 44. Bxa7 Nxa7 45. Rxa7 b5
46. Ra6 c5 47. Kf2 b4 48. Ke3 b3 49. Ra1 Rd8 50. Rb1 c4 51. Ke2 Kh5 52. g3 Rd3
53. Rc1 Rxg3 54. Rxc4 Rxh3 0-1

[Event "DVM U14w 2011"]
[Site "Arendsee (Altmark) GER"]
[Date "2011.12.28"]
[Round "3"]
[White "Usczeck, Alina"]
[Black "Krauße, Vanessa"]
[Result "0-1"]
[Termination "normal"]
[Board "6.2"]
[WhiteElo "1272"]
[BlackElo "1228"]
[WhiteTeam "Turm Lahnstein"]
[BlackTeam "SK Turm Bad Hersfeld"]
[WhiteFideId "12938114"]
[BlackFideId "12937991"]
[EventCountry "GER"]
[EventRounds "7"]
[EventType "team-swiss"]
[EventDate "2011.12.26"]

1. e4 c5 2. d4 cxd4 3. c3 dxc3 4. Nxc3 Nc6 5. Nf3 d6 6. Bc4 Nf6 7. Qb3 e6 8.
Bg5 Be7 9. O-O O-O 10. Bd3 Bd7 11. Rad1 Na5 12. Qc2 h6 13. Bh4 Kh8 14. e5 dxe5
15. Nxe5 Nc6 16. Nc4 Nb4 17. Qe2 Nxd3 18. Qxd3 Bc6 19. Qxd8 Raxd8 20. Ne5 Kg8
21. Nxc6 bxc6 22. Rfe1 Rb8 23. b3 Rb4 24. Bg3 Nd5 25. Nxd5 cxd5 26. Rc1 Ra8 27.
Rc6 a5 28. Rec1 Rd4 29. h3 Ba3 30. R1c2 a4 31. Rc8+ Rxc8 32. Rxc8+ Kh7 33. bxa4
Rxa4 34. Rc7 Kg6 35. Kf1 Bb4 36. Rc2 d4 37. Ke2 Ra3 38. Rb2 d3+ 39. Kd1 Bc3 40.
Rb5 Rxa2 41. Rb1 Rd2+ 42. Kc1 Re2 43. f3 Rxg2 44. Bf2 Rxf2 45. Rb7 Rf1# 0-1

[Event "DVM U14w 2011"]
[Site "Arendsee (Altmark) GER"]
[Date "2011.12.28"]
[Round "3"]
[White "Gärling, Paula"]
[Black "Rau, Jennifer"]
[Result "0-1"]
[Termination "normal"]
[Board "6.3"]
[WhiteElo "1104"]
[BlackElo "1215"]
[WhiteTeam "SK Turm Bad Hersfeld"]
[BlackTeam "Turm Lahnstein"]
[BlackFideId "12983276"]
[EventCountry "GER"]
[EventRounds "7"]
[EventType "team-swiss"]
[EventDate "2011.12.26"]

1. e4 d6 2. d4 Nf6 3. Nc3 g6 4. Nf3 Bg7 5. Bc4 O-O 6. Be3 Bg4 7. h3 Bxf3 8.
Qxf3 c6 9. O-O Qc7 10. Qg3 Nbd7 11. Rfe1 e5 12. dxe5 Nxe5 13. Bb3 Rfe8 14. Rad1
Bf8 15. Qg5 Nh5 16. f4 h6 17. Qh4 Be7 18. Qf2 Nd7 19. f5 Rf8 20. fxg6 Ne5 21.
gxf7+ Nxf7 22. Qf5 Ng7 23. Bxh6 Nxf5 24. Bxf8 Kxf8 25. exf5 d5 26. Re6 Re8 27.
Rde1 Bc5+ 28. Kf1 Qf4+ 29. Ke2 Rxe6+ 30. fxe6 Qf2+ 31. Kd1 Nd6 32. Ne2 Ne4 33.
e7+ Kxe7 34. c3 Qe3 35. Kc2 Qd2+ 36. Kb1 Qxe1+ 37. Kc2 Qxe2+ 38. Kb1 Be3 39. a3
Nd2+ 40. Ka2 Qe1 41. Bc2 a5 42. g4 a4 43. g5 Bxg5 44. h4 Bxh4 45. c4 dxc4 46.
b4 Qc1 47. b5 cxb5 48. Bd3 Bf6 49. Bxc4 Qb2# 0-1

[Event "DVM U14w 2011"]
[Site "Arendsee (Altmark) GER"]
[Date "2011.12.28"]
[Round "3"]
[White "Schneider, Anna"]
[Black "Janzen, Sabine"]
[Result "0-1"]
[Termination "normal"]
[Board "6.4"]
[WhiteElo "964"]
[BlackElo "1094"]
[WhiteTeam "Turm Lahnstein"]
[BlackTeam "SK Turm Bad Hersfeld"]
[EventCountry "GER"]
[EventRounds "7"]
[EventType "team-swiss"]
[EventDate "2011.12.26"]

1. e4 e5 2. Nf3 Nc6 3. Bc4 Bc5 4. d3 Qf6 5. Be3 b6 6. Nc3 Bb4 7. a3 Bxc3+ 8.
bxc3 Bb7 9. Rb1 Nge7 10. d4 exd4 11. cxd4 Qg6 12. Ng5 Rf8 13. Qf3 f6 14. Nh3
Na5 15. Bd3 f5 16. e5 Bxf3 17. gxf3 Qg2 18. Rg1 Qxh3 19. Bf4 Qxf3 20. Bd2 Nac6
21. Bc3 Nd5 22. Bb2 Nf4 23. Kd2 Qxf2+ 24. Kc3 Qxd4+ 25. Kd2 Qd5 26. a4 Nxe5 27.
Bxe5 Qxe5 28. Rbe1 Qxe1+ 29. Rxe1+ Kd8 30. Bc4 Ng2 31. Re5 f4 32. Re2 f3 33.
Rf2 Ke7 34. Bd5 Rae8 35. Bxf3 Nh4 36. Re2+ Kd8 37. Rxe8+ Rxe8 38. Be2 g5 39. h3
Re4 40. Bd3 Nf3+ 41. Kc3 Rxa4 42. Bxh7 Rh4 43. Bf5 Ng1 44. Kd2 Nxh3 45. Ke3 a5
46. c3 a4 47. Be4 a3 48. Bd5 c6 49. Bb3 Rf4 50. c4 g4 51. Ba2 Rf8 52. Ke2 g3
53. Ke3 g2 54. Kd3 g1=Q 55. c5 b5 56. Kc3 Rf3+ 57. Kb4 Qe1# 0-1